|
|
|
|
| LEADER |
00000caa a22000002c 4500 |
| 001 |
1526028867 |
| 003 |
DE-627 |
| 005 |
20220604105147.0 |
| 007 |
tu |
| 008 |
160223s1986 xx ||||| 00| ||ger c |
| 035 |
|
|
|a (DE-627)1526028867
|
| 035 |
|
|
|a (DE-576)456028862
|
| 035 |
|
|
|a (DE-599)BSZ456028862
|
| 040 |
|
|
|a DE-627
|b ger
|c DE-627
|e rakwb
|
| 041 |
|
|
|a ger
|
| 100 |
1 |
|
|a Fischer, Henning
|4 aut
|
| 245 |
1 |
0 |
|a Neue ambulante Maßnahmen nach dem JGG in Niedersachsen - Modellversuch Uelzen - Landesarbeitsgemeinschaft Niedersachsen für ambulante Maßnahmen nach dem JGG -.
|c Henning Fischer
|
| 264 |
|
1 |
|c 1986
|
| 336 |
|
|
|a Text
|b txt
|2 rdacontent
|
| 337 |
|
|
|a ohne Hilfsmittel zu benutzen
|b n
|2 rdamedia
|
| 338 |
|
|
|a Band
|b nc
|2 rdacarrier
|
| 773 |
0 |
8 |
|i In
|t Info ; 2-86
|d 1986
|g (1986), 2, Seite 78-92
|h 92 Seiten
|w (DE-627)1432195387
|w (DE-576)362195382
|7 nnam
|
| 773 |
1 |
8 |
|g year:1986
|g number:2
|g pages:78-92
|
| 935 |
|
|
|a mkri
|
| 951 |
|
|
|a AR
|
| ELC |
|
|
|b 1
|
| LOK |
|
|
|0 000 xxxxxcx a22 zn 4500
|
| LOK |
|
|
|0 001 2899532936
|
| LOK |
|
|
|0 003 DE-627
|
| LOK |
|
|
|0 004 1526028867
|
| LOK |
|
|
|0 005 20250312075242
|
| LOK |
|
|
|0 008 160208||||||||||||||||ger|||||||
|
| LOK |
|
|
|0 040
|a DE-21-110
|c DE-627
|d DE-21-110
|
| LOK |
|
|
|0 689
|a s
|a Ambulante Maßnahmen
|
| LOK |
|
|
|0 689
|a s
|a Formloses Erziehungsverfahren
|
| LOK |
|
|
|0 689
|a s
|a Jugendstrafrecht
|
| LOK |
|
|
|0 852
|a DE-21-110
|
| LOK |
|
|
|0 852 1
|m p
|9 00
|
| LOK |
|
|
|0 935
|a k110
|
| LOK |
|
|
|0 938
|k p
|
| LOK |
|
|
|0 939
|a 08-02-16
|b l01
|
| ORI |
|
|
|a SA-MARC-krimdoka001.raw
|